Оптимизация процесса точения заготовок из титановых сплавов на карусельных станках с программым управлением; Доклады IV научно-технической конференции "Технический прогресс в машиностроении"

Bibliografiske detaljer
Parent link:Доклады IV научно-технической конференции "Технический прогресс в машиностроении".— 1972.— С. 190-193
Andre forfattere: Полетика М. Ф., Афонасов А. И., Сбоев В. Н., Рот Р. А.
Udgivet: 1972
Fag:
Format: MixedMaterials Book Chapter
KOHA link:https://koha.lib.tpu.ru/cgi-bin/koha/opac-detail.pl?biblionumber=594090

MARC

LEADER 00000naa0a2200000 4500
001 594090
005 20250618085437.0
035 |a (RuTPU)RU\TPU\tpu\8217 
035 |a TPU00000679 
090 |a 594090 
100 |a 20020118d1972 k||y0rusy50 ca 
102 |a RU 
200 1 |a Оптимизация процесса точения заготовок из титановых сплавов на карусельных станках с программым управлением  |f М. Ф. Полетика [и др.] 
463 |t Доклады IV научно-технической конференции "Технический прогресс в машиностроении"  |v С. 190-193  |d  1972 
610 1 |a точение 
610 1 |a карусельные станки 
610 1 |a титановые сплавы 
610 1 |a труды учёных ТПУ 
701 1 |a Полетика  |b М. Ф. 
701 1 |a Афонасов  |b А. И. 
701 1 |a Сбоев  |b В. Н. 
701 1 |a Рот  |b Р. А. 
801 0 |a RU  |b 63413507  |c 20020118  |g PSBO 
801 2 |a RU  |b 63413507  |c 20091009  |g RCR 
850 |a 63413507 
942 |c BK